Health economics and policy (Record no. 399303)

000 -LEADER
fixed length control field 00446cam a22001577a 4500
008 - FIXED-LENGTH DATA ELEMENTS--GENERAL INFORMATION
fixed length control field 180718b2002 xxu||||| |||| 00| 0 eng d
020 ## - INTERNATIONAL STANDARD BOOK NUMBER
International Standard Book Number 0324063652
082 ## - DEWEY DECIMAL CLASSIFICATION NUMBER
Classification number O1 H383
100 ## - MAIN ENTRY--PERSONAL NAME
Personal name Henderson, James W.
245 ## - TITLE STATEMENT
Title Health economics and policy
Statement of responsibility, etc. by James W. Henderson
260 ## - PUBLICATION, DISTRIBUTION, ETC.
Place of publication, distribution, etc. Canberra
Name of publisher, distributor, etc. South-Western
Date of publication, distribution, etc. 2002
300 ## - PHYSICAL DESCRIPTION
Extent 595p.
650 ## - SUBJECT ADDED ENTRY--TOPICAL TERM
Topical term or geographic name entry element Medical care - Cost effectiveness
650 ## - SUBJECT ADDED ENTRY--TOPICAL TERM
Topical term or geographic name entry element Medical policy
650 ## - SUBJECT ADDED ENTRY--TOPICAL TERM
Topical term or geographic name entry element Medical economics
Holdings
Withdrawn status Lost status Damaged status Not for loan Permanent Location Current Location Date acquired Full call number Barcode Date last seen Price effective from Koha item type
        Indian Institute of Public Administration Indian Institute of Public Administration 2002-03-04 O1 H383 77353 2018-07-21 2018-07-21 Book

Powered by Koha